[Event "SportAccord World Mind Games (Women, Basque)"]
[Site "Beijing CHN"]
[Date "2013.12.18"]
[EventDate "2013.12.17"]
[Round "4.1"]
[Result "1-0"]
[White "Anna Muzychuk"]
[Black "Anna Ushenina"]
[WhiteElo "2566"]
[BlackElo "2501"]
[PlyCount "77"]

1. e4 c5 2. d3 Nc6 3. g3 d5 4. Nc3 d4 5. Nce2 e5 6. Bg2 Bd6
7. f4 Nge7 8. Nf3 f6 9. O-O Be6 10. c3 Qc7 11. cxd4 cxd4
12. fxe5 fxe5 13. Ng5 Bg8 14. Bh3 Nd8 15. Bd2 h6 16. Rc1 Nec6
17. Nf3 Bf7 18. Nh4 O-O 19. Nf5 a5 20. Bxh6 gxh6 21. Qd2 Bg6
22. Qxh6 Rf6 23. Qg5 Re6 24. Nh4 Qg7 25. Bxe6+ Nxe6 26. Qxg6
Qxg6 27. Nxg6 Nb4 28. Rf6 Re8 29. Rd1 Nxa2 30. Nc1 Nb4 31. Nb3
b6 32. Nd2 b5 33. Rf5 Nxd3 34. b3 a4 35. bxa4 Nb2 36. Rb1 Nc4
37. Nxc4 bxc4 38. Nxe5 Bxe5 39. Rxe5 1-0

[Event "SportAccord World Mind Games (Women, Basque)"]
[Site "Beijing CHN"]
[Date "2013.12.18"]
[EventDate "2013.12.17"]
[Round "4.2"]
[Result "1-0"]
[White "Anna Ushenina"]
[Black "Anna Muzychuk"]
[WhiteElo "2501"]
[BlackElo "2566"]
[PlyCount "157"]

1. d4 f5 2. g3 Nf6 3. Bg2 g6 4. Nh3 e6 5. Nf4 d6 6. Nc3 c6
7. e4 fxe4 8. Nxe4 Nxe4 9. Bxe4 Bg7 10. h4 d5 11. Bg2 O-O
12. h5 g5 13. h6 Bh8 14. Nh3 Bf6 15. c3 Kh8 16. Be3 Nd7
17. Qh5 Rg8 18. Ng1 e5 19. Ne2 exd4 20. Bxd4 Bxd4 21. Nxd4 Nf6
22. Qf7 Bd7 23. O-O-O Qf8 24. Qxf8 Raxf8 25. f3 c5 26. Nc2 Re8
27. Rhe1 Rgf8 28. Ne3 Bc6 29. Nf5 Rxe1 30. Rxe1 Re8 31. Rxe8+
Nxe8 32. Ne7 Nf6 33. Kd2 Ng8 34. Nf5 Bd7 35. Nd6 Nxh6 36. Nxb7
c4 37. f4 gxf4 38. gxf4 Be6 39. Nd8 Bg8 40. Nc6 Nf5 41. Nxa7
h5 42. Nc6 h4 43. a4 Be6 44. Nd8 Bc8 45. a5 Ng3 46. Bxd5 h3
47. Nf7+ Kg7 48. Nd6 Ba6 49. Ke3 h2 50. Kd4 Ne2+ 51. Ke5 Nc1
52. Nf5+ Kf8 53. Ng3 Nd3+ 54. Kd4 Nxb2 55. Nf1 Nd3 56. f5 Nc1
57. Kc5 Ne2 58. Nxh2 Nxc3 59. Bxc4 Bc8 60. Bd3 Na4+ 61. Kd6
Nb2 62. Bb5 Nd1 63. Nf3 Ne3 64. Nd4 Kf7 65. Bd3 Kf6 66. Kc7
Bxf5 67. Nxf5 Nd5+ 68. Kb7 Nb4 69. Bb1 Ke5 70. Ne7 Kd6
71. Nc8+ Kc5 72. Na7 Kd6 73. Be4 Kc5 74. Bf3 Na2 75. Nc6 Nc3
76. a6 Nb5 77. Ne5 Nd6+ 78. Kb8 Nb5 79. Be2 1-0

[Event "SportAccord World Mind Games (Women, Basque)"]
[Site "Beijing CHN"]
[Date "2013.12.18"]
[EventDate "2013.12.17"]
[Round "5.1"]
[Result "1-0"]
[White "Pia Cramling"]
[Black "Anna Ushenina"]
[WhiteElo "2525"]
[BlackElo "2501"]
[PlyCount "95"]

1. d4 d5 2. Nf3 c6 3. c4 e6 4. Qc2 dxc4 5. Qxc4 Nf6 6. Bg5 h6
7. Bxf6 Qxf6 8. Nc3 Qd8 9. g3 b6 10. Bg2 Bb7 11. Ne5 Qc8
12. O-O Be7 13. Rac1 O-O 14. f4 a6 15. Qb3 Qd8 16. Rfd1 b5
17. e3 a5 18. Nxb5 Qb6 19. Nc3 Qxb3 20. axb3 g5 21. Na4 Ra6
22. Rc2 Rc8 23. Rdc1 Kg7 24. Nc5 Rb6 25. Nc4 Bxc5 26. dxc5
Rxb3 27. Nxa5 Rb5 28. Ra1 Rd8 29. Kf2 gxf4 30. gxf4 Kf6
31. Ra4 Ba8 32. Bf1 Na6 33. Bxb5 cxb5 34. Rd4 Rg8 35. c6 Nc7
36. Rd7 Nd5 37. Ra7 Nb4 38. Rc3 Nd5 39. Rb3 b4 40. Rd3 Rc8
41. Rd4 Bxc6 42. Rc4 Ne7 43. Rxe7 Kxe7 44. Nxc6+ Kf6 45. Ne5
Rb8 46. Rc7 Kf5 47. Kf3 f6 48. e4# 1-0

[Event "SportAccord World Mind Games (Women, Basque)"]
[Site "Beijing CHN"]
[Date "2013.12.18"]
[EventDate "2013.12.17"]
[Round "5.2"]
[Result "1-0"]
[White "Anna Ushenina"]
[Black "Pia Cramling"]
[WhiteElo "2501"]
[BlackElo "2525"]
[PlyCount "79"]

1. d4 Nf6 2. c4 e6 3. Nc3 Bb4 4. Qc2 d6 5. Nf3 c5 6. a3 Bxc3+
7. Qxc3 O-O 8. e3 b6 9. Be2 Bb7 10. b4 Nbd7 11. Bb2 Ne4
12. Qc2 f5 13. O-O Qe7 14. Rfd1 Rad8 15. bxc5 bxc5 16. a4 Ndf6
17. h3 Nd7 18. a5 Nb8 19. Rab1 Nc6 20. Qa4 Qc7 21. a6 Ba8
22. d5 exd5 23. cxd5 Ne7 24. Bc4 Rb8 25. Qa1 Nc8 26. Rbc1 Nb6
27. Nd2 Nxd2 28. Rxd2 Nxc4 29. Rxc4 Qf7 30. Rf4 Rb4 31. Rxb4
cxb4 32. Qa5 Rb8 33. Rd4 b3 34. f3 h6 35. Qc3 Qd7 36. Rc4 Qe7
37. Rc7 Qe5 38. Qc1 Qxd5 39. Rxg7+ Kf8 40. Qc7 1-0

[Event "FIDE Women's Grand Prix Khanty - Mansiysk"]
[Site "Khanty-Mansiysk RUS"]
[Date "2014.04.09"]
[EventDate "2014.04.09"]
[Round "1.2"]
[Result "1-0"]
[White "Anna Ushenina"]
[Black "Nafisa Muminova"]
[WhiteElo "2501"]
[BlackElo "2321"]
[PlyCount "95"]

1. d4 Nf6 2. c4 e6 3. Nc3 Bb4 4. e3 O-O 5. Bd3 d5 6. a3 Bxc3+
7. bxc3 c5 8. cxd5 exd5 9. f3 b6 10. Ne2 Ba6 11. O-O Re8
12. Ng3 Bxd3 13. Qxd3 Nc6 14. Bb2 c4 15. Qd2 b5 16. Rae1 a5
17. Qf2 b4 18. e4 Rb8 19. e5 Nd7 20. f4 bxc3 21. Bxc3 Rb3
22. Re3 Nc5 23. dxc5 d4 24. Bxd4 Qxd4 25. Nf5 Qxc5 26. Rg3
Qxf2+ 27. Rxf2 Rxg3 28. hxg3 Rb8 29. Rc2 g6 30. Nd6 Nd4
31. Rxc4 Nb5 32. Nxb5 Rxb5 33. Rc8+ Kg7 34. Ra8 g5 35. Ra7 Kg6
36. Ra6+ Kg7 37. Kh2 Rc5 38. Ra7 Kg6 39. Ra6+ Kg7 40. Kh3 gxf4
41. gxf4 Rc3+ 42. Kg4 Rxa3 43. Ra7 Kg8 44. f5 Ra2 45. f6 h6
46. Ra8+ Kh7 47. e6 Kg6 48. e7 1-0

[Event "FIDE Women's Grand Prix Khanty - Mansiysk"]
[Site "Khanty-Mansiysk RUS"]
[Date "2014.04.11"]
[EventDate "2014.04.09"]
[Round "3.6"]
[Result "1/2-1/2"]
[White "Anna Ushenina"]
[Black "Alexandra Kosteniuk"]
[WhiteElo "2501"]
[BlackElo "2527"]
[PlyCount "135"]

1. d4 Nf6 2. c4 e6 3. Nc3 d5 4. Bg5 Be7 5. e3 O-O 6. Nf3 h6
7. Bh4 b6 8. Be2 dxc4 9. Bxc4 Bb7 10. O-O Nbd7 11. Qe2 a6
12. Rfd1 b5 13. Bd3 Qe8 14. a4 b4 15. Nb1 c5 16. Nbd2 cxd4
17. exd4 Nh5 18. Bg3 Nb6 19. a5 Nd5 20. Qe4 g6 21. Be5 Ra7
22. Qe1 Qa8 23. Bf1 Kh7 24. Nc4 Qd8 25. Nfd2 f6 26. Bg3 Ndf4
27. Qe3 Qb8 28. Nb3 Re8 29. Rac1 Bf8 30. Nb6 Nxg3 31. hxg3 Nd5
32. Nxd5 Bxd5 33. Bc4 Qa8 34. Bxd5 Qxd5 35. Rd2 h5 36. Rdc2
Bh6 37. f4 Rg7 38. Rc5 Qd8 39. Qe4 e5 40. dxe5 fxe5 41. Re1 h4
42. Rxe5 Rxe5 43. fxe5 hxg3 44. Nd4 Qxa5 45. Nf3 Qc5+ 46. Kh1
a5 47. Qh4 Qe7 48. Qxg3 a4 49. e6 a3 50. bxa3 bxa3 51. Qe5 a2
52. Qb2 Qa7 53. Ra1 Rc7 54. e7 Rxe7 55. Qxa2 Qc5 56. Qa5 Qxa5
57. Rxa5 Bf4 58. Kg1 Re2 59. Kf1 Rb2 60. Ng5+ Kh6 61. Ne4 g5
62. g3 Be3 63. Ra6+ Kg7 64. Ra3 Bc1 65. Rc3 Bd2 66. Rd3 Bc1
67. Rc3 Bd2 68. Rd3 1/2-1/2

[Event "FIDE Women's Grand Prix Khanty - Mansiysk"]
[Site "Khanty-Mansiysk RUS"]
[Date "2014.04.12"]
[EventDate "2014.04.09"]
[Round "4.5"]
[Result "1/2-1/2"]
[White "Anna Ushenina"]
[Black "Zhao Xue"]
[WhiteElo "2501"]
[BlackElo "2552"]
[PlyCount "70"]

1. d4 Nf6 2. c4 e6 3. Nc3 Bb4 4. e3 b6 5. Bd3 Bb7 6. Nf3 c5
7. O-O cxd4 8. exd4 O-O 9. Na4 Be7 10. a3 Bxf3 11. Qxf3 d5
12. Nc3 Nc6 13. cxd5 Nxd4 14. Qh3 exd5 15. Be3 Ne6 16. Rad1 g6
17. Bc4 Nc7 18. Qf3 Qd6 19. Bf4 Qc6 20. Ba2 Rac8 21. Rfe1 Rfe8
22. Bxc7 Qxc7 23. Bxd5 Kg7 24. Bb3 Bc5 25. Rxe8 Nxe8 26. Ne4
Qe7 27. g3 h6 28. Kg2 Rc7 29. Rd2 Nf6 30. Nxf6 Qxf6 31. Qxf6+
Kxf6 32. Bd1 a5 33. a4 Bb4 34. Rc2 Rxc2 35. Bxc2 Ke5 1/2-1/2

[Event "FIDE Women's Grand Prix Khanty - Mansiysk"]
[Site "Khanty-Mansiysk RUS"]
[Date "2014.04.14"]
[EventDate "2014.04.09"]
[Round "5.2"]
[Result "1/2-1/2"]
[White "Olga Girya"]
[Black "Anna Ushenina"]
[WhiteElo "2450"]
[BlackElo "2501"]
[PlyCount "76"]

1. d4 d5 2. c4 c6 3. Nf3 Nf6 4. Nc3 e6 5. Bg5 Nbd7 6. e3 Qa5
7. cxd5 Nxd5 8. Qd2 Bb4 9. Rc1 h6 10. Bh4 b6 11. Bd3 Ba6
12. O-O O-O 13. Bxa6 Qxa6 14. Qe2 Qxe2 15. Nxe2 Rfc8 16. a3
Bf8 17. Rc2 c5 18. Rfc1 a5 19. Nd2 b5 20. dxc5 Rxc5 21. Nd4 b4
22. a4 Rxc2 23. Rxc2 Nc5 24. b3 e5 25. N4f3 f6 26. g4 Kf7
27. Kf1 Ke6 28. Ng1 Rd8 29. Ne2 Be7 30. e4 Nc3 31. f3 Rd3
32. Nc1 Rd7 33. Bf2 Nb7 34. Ne2 Rd3 35. Nc1 Rd7 36. Ne2 Rd3
37. Nc1 Rd7 38. Ne2 Rd3 1/2-1/2

[Event "FIDE Women's Grand Prix Khanty - Mansiysk"]
[Site "Khanty-Mansiysk RUS"]
[Date "2014.04.15"]
[EventDate "2014.04.09"]
[Round "6.5"]
[Result "1/2-1/2"]
[White "Anna Ushenina"]
[Black "Anna Muzychuk"]
[WhiteElo "2501"]
[BlackElo "2560"]
[PlyCount "121"]

1. d4 Nf6 2. c4 e6 3. Nc3 Bb4 4. e3 O-O 5. Bd3 c5 6. Nf3 d5
7. O-O dxc4 8. Bxc4 Nbd7 9. a3 cxd4 10. axb4 dxc3 11. bxc3 Qc7
12. Be2 Nd5 13. Bb2 Nxc3 14. Qd2 Nxe2+ 15. Qxe2 b5 16. Qxb5
Rb8 17. Qd3 Rd8 18. Qd4 Nf6 19. Qh4 Qe7 20. Bxf6 Qxf6 21. Qxf6
gxf6 22. Nd4 Bd7 23. Rxa7 Rxb4 24. h3 e5 25. Nf3 Be6 26. Rfa1
Rc8 27. Ra8 Rxa8 28. Rxa8+ Kg7 29. Rd8 Rb2 30. Rd2 Rxd2
31. Nxd2 Bd5 32. Kh2 Bc6 33. Kg3 Bd5 34. f3 Kg6 35. Kg4 Be6+
36. Kh4 Bd5 37. e4 Be6 38. g4 Bd7 39. Nc4 Bb5 40. Nd6 Bd7
41. Kg3 Be6 42. Ne8 Bd7 43. Nc7 Bc6 44. Kh4 Ba4 45. Nd5 Bd1
46. Kg3 Bb3 47. Ne7+ Kg7 48. h4 Kf8 49. Nc6 Kg7 50. Ne7 Kf8
51. Nf5 Be6 52. Ne3 Kg7 53. h5 Bd7 54. Kf2 Be6 55. Nd5 Bd7
56. Ke3 Ba4 57. Ne7 Bd7 58. Kd3 Bb5+ 59. Ke3 Bd7 60. Kd3 Bb5+
61. Ke3 1/2-1/2

[Event "FIDE Women's Grand Prix Khanty - Mansiysk"]
[Site "Khanty-Mansiysk RUS"]
[Date "2014.04.16"]
[EventDate "2014.04.09"]
[Round "7.3"]
[Result "1-0"]
[White "Yifan Hou"]
[Black "Anna Ushenina"]
[WhiteElo "2618"]
[BlackElo "2501"]
[PlyCount "95"]

1. e4 c5 2. Nf3 d6 3. Bb5+ Bd7 4. c4 Nf6 5. Nc3 g6 6. d4 cxd4
7. Nxd4 Bg7 8. Be3 Nc6 9. f3 O-O 10. O-O Nxd4 11. Bxd4 Bxb5
12. cxb5 Qa5 13. Qd3 Qb4 14. Rfd1 Rfc8 15. a3 Qb3 16. Qe2 e6
17. Rd3 Qc4 18. Rad1 Ne8 19. Qd2 Bxd4+ 20. Rxd4 Qc5 21. Kh1
Rc7 22. h3 Rac8 23. Qh6 Qe5 24. Qh4 Kg7 25. f4 Qf6 26. Qg3 Rc4
27. R4d3 Qe7 28. Qe3 b6 29. a4 Qc7 30. e5 dxe5 31. Rd7 Qc5
32. Qxc5 R8xc5 33. Rxa7 Nf6 34. Rd6 Ne4 35. Rxb6 Nxc3 36. bxc3
Rxf4 37. Rxe6 Rxc3 38. Rxe5 Rf1+ 39. Kh2 Rc2 40. b6 Rff2
41. Rg5 Kh6 42. h4 f6 43. b7 Rb2 44. Rb5 Rxg2+ 45. Kh3 Rh2+
46. Kg3 Rbg2+ 47. Kf3 Rf2+ 48. Ke4 1-0

[Event "FIDE Women's Grand Prix Khanty - Mansiysk"]
[Site "Khanty-Mansiysk RUS"]
[Date "2014.04.17"]
[EventDate "2014.04.09"]
[Round "8.3"]
[Result "1-0"]
[White "Anna Ushenina"]
[Black "Tatiana Kosintseva"]
[WhiteElo "2501"]
[BlackElo "2496"]
[PlyCount "107"]

1. d4 d5 2. c4 e6 3. Nc3 Be7 4. Nf3 Nf6 5. Bg5 h6 6. Bh4 O-O
7. e3 b6 8. Be2 Bb7 9. Bxf6 Bxf6 10. cxd5 exd5 11. b4 c5
12. bxc5 bxc5 13. Rb1 Bc6 14. Bb5 a6 15. Be2 Nd7 16. O-O Qe7
17. Qd2 Rfd8 18. Rfd1 g6 19. dxc5 Nxc5 20. Nd4 Be8 21. Bf3 Qe5
22. Nce2 a5 23. Rb6 Na4 24. Rbb1 Nc5 25. Rdc1 Ne4 26. Qd3 Ng5
27. Ng3 Nxf3+ 28. Nxf3 Qe7 29. Nd4 Bg7 30. h3 a4 31. Nge2 Qe4
32. Qd2 Rac8 33. Nc3 Qe7 34. Ncb5 Rc4 35. Qa5 Rdc8 36. Rxc4
dxc4 37. Nc3 Kh7 38. Qa6 Qd8 39. Rd1 Qc7 40. Ncb5 Bxb5
41. Nxb5 Qc5 42. Nd4 c3 43. Qxa4 Rb8 44. Nb3 Qf5 45. Rc1 Qd3
46. Qa7 Rb5 47. Kh2 c2 48. Nd4 Rb1 49. Rxc2 Bxd4 50. Qxf7+ Bg7
51. Rc7 Qd6+ 52. f4 Qxc7 53. Qxc7 Ra1 54. Qc4 1-0

[Event "FIDE Women's Grand Prix Khanty - Mansiysk"]
[Site "Khanty-Mansiysk RUS"]
[Date "2014.04.19"]
[EventDate "2014.04.09"]
[Round "9.3"]
[Result "1/2-1/2"]
[White "Tuvshintugs Batchimeg"]
[Black "Anna Ushenina"]
[WhiteElo "2340"]
[BlackElo "2501"]
[PlyCount "96"]

1. d4 d5 2. c4 dxc4 3. e3 e5 4. Nf3 exd4 5. Qxd4 Qxd4 6. Nxd4
Nf6 7. Bxc4 a6 8. Nc3 c5 9. Nf3 Nc6 10. a3 h6 11. Nd5 Nxd5
12. Bxd5 Ne7 13. Be4 Bf5 14. Bxf5 Nxf5 15. Bd2 Be7 16. O-O-O
Nd6 17. Bc3 f6 18. Nh4 Kf7 19. Rd5 b6 20. Rhd1 Rhd8 21. g4 g6
22. Kc2 Ne4 23. f3 Rxd5 24. Rxd5 Nd6 25. Ng2 Rd8 26. h4 Nc4
27. Rxd8 Bxd8 28. a4 b5 29. axb5 axb5 30. Kd3 f5 31. b3 Nd6
32. Be5 c4+ 33. bxc4 Nxc4 34. Bd4 fxg4 35. fxg4 g5 36. hxg5
hxg5 37. Ne1 Ke6 38. Nf3 Nd6 39. Bc5 Nf7 40. Ke4 Kf6 41. Nd4
Ne5 42. Nxb5 Nxg4 43. Bd4+ Ke6 44. Kf3 Ne5+ 45. Bxe5 Kxe5
46. Nd4 Bb6 47. Ne2 g4+ 48. Kxg4 Bxe3 1/2-1/2

[Event "FIDE Women's Grand Prix Khanty - Mansiysk"]
[Site "Khanty-Mansiysk RUS"]
[Date "2014.04.20"]
[EventDate "2014.04.09"]
[Round "10.4"]
[Result "1/2-1/2"]
[White "Anna Ushenina"]
[Black "Nana Dzagnidze"]
[WhiteElo "2501"]
[BlackElo "2550"]
[PlyCount "97"]

1. d4 Nf6 2. c4 e6 3. Nc3 Bb4 4. e3 O-O 5. Bd3 d5 6. a3 Bd6
7. Nf3 b6 8. e4 dxe4 9. Nxe4 Nbd7 10. Nxd6 cxd6 11. O-O Bb7
12. Re1 Re8 13. Bg5 Qc7 14. Rc1 e5 15. Bf5 h6 16. Be3 Nf8
17. b4 e4 18. Nd2 Bc8 19. Bxc8 Raxc8 20. d5 N8d7 21. Bd4 Qb7
22. Qc2 Nxd5 23. Nxe4 Nf4 24. f3 Re6 25. Qd2 Ng6 26. Bb2 Qc6
27. Qd4 Nde5 28. c5 bxc5 29. bxc5 dxc5 30. Rxc5 Qa8 31. Kh1
Rd8 32. Qc3 Kh7 33. Rc7 Rc6 34. Rxc6 Qxc6 35. Qxc6 Nxc6
36. Rc1 Nge7 37. Kg1 Rd5 38. Bc3 f5 39. Nd2 Rd3 40. Nc4 Nd5
41. Bb2 Nf4 42. Kf1 Rb3 43. Rc3 Rb8 44. g3 Ne6 45. Kf2 Na5
46. Ba1 Nb3 47. Bb2 Na5 48. Ba1 Nb3 49. Bb2 1/2-1/2

[Event "FIDE Women's Grand Prix Khanty - Mansiysk"]
[Site "Khanty-Mansiysk RUS"]
[Date "2014.04.21"]
[EventDate "2014.04.09"]
[Round "11.2"]
[Result "1-0"]
[White "Kateryna Lahno"]
[Black "Anna Ushenina"]
[WhiteElo "2543"]
[BlackElo "2501"]
[PlyCount "49"]

1. e4 c5 2. Nf3 d6 3. Bb5+ Bd7 4. Bxd7+ Qxd7 5. O-O Nf6 6. d4
cxd4 7. Qxd4 Nc6 8. Qd3 g6 9. c4 Bg7 10. Nc3 O-O 11. h3 Rac8
12. Rb1 Qe6 13. b3 a6 14. Bb2 Nd7 15. Rfe1 Nc5 16. Qe2 Rb8
17. Nd5 Bxb2 18. Rxb2 Qd7 19. e5 Qd8 20. Rd2 Kg7 21. Qe3 a5
22. exd6 exd6 23. Qc3+ f6 24. Rde2 Kg8 25. Re8 1-0

[Event "Chess Olympiad (Women)"]
[Site "Tromso NOR"]
[Date "2014.08.02"]
[EventDate "2014.08.02"]
[Round "1.3"]
[Result "1-0"]
[White "Anna Ushenina"]
[Black "Alice Biryukov"]
[WhiteElo "2487"]
[BlackElo "1941"]
[PlyCount "57"]

1. d4 Nf6 2. Nf3 e6 3. c4 Bb4+ 4. Nbd2 O-O 5. a3 Bxd2+ 6. Qxd2
d6 7. b4 b6 8. e3 Bb7 9. Be2 Nbd7 10. O-O c5 11. Bb2 Qc7
12. Rfd1 Rfd8 13. Rac1 Rac8 14. Ne1 Nf8 15. f3 Qe7 16. e4 d5
17. cxd5 exd5 18. e5 N6d7 19. f4 c4 20. f5 Re8 21. Bg4 Rb8
22. Rc3 Qd8 23. b5 a6 24. a4 a5 25. Rg3 Kh8 26. Ba3 Ra8
27. Bh5 g6 28. Nf3 gxh5 29. Qh6 1-0

[Event "Chess Olympiad (Women)"]
[Site "Tromso NOR"]
[Date "2014.08.03"]
[EventDate "2014.08.02"]
[Round "2.4"]
[Result "1/2-1/2"]
[White "Thu Giang Nguyen"]
[Black "Anna Ushenina"]
[WhiteElo "2165"]
[BlackElo "2487"]
[PlyCount "115"]

1. e4 c5 2. Nf3 Nc6 3. Bb5 g6 4. O-O Bg7 5. Re1 e5 6. c3 Nge7
7. d3 O-O 8. Be3 d6 9. h3 a6 10. Ba4 b5 11. Bc2 Qc7 12. a4 Rb8
13. Na3 f5 14. Bb3+ Kh8 15. axb5 axb5 16. Ng5 Nd8 17. Rc1 h6
18. Nf3 Ne6 19. Ba2 Qb7 20. Bb1 Bd7 21. b4 Ra8 22. Nc2 f4
23. Bd2 Bc6 24. Nh2 Rfe8 25. Qe2 Qa7 26. Ng4 Rad8 27. Rcd1 Bb7
28. d4 cxd4 29. cxd4 exd4 30. Qxb5 Ba6 31. Qa4 h5 32. Nh2 Qb7
33. Na3 Rb8 34. Ba2 Nc6 35. Bd5 Ned8 36. Rc1 Ra8 37. Bxc6 Nxc6
38. Qxc6 Qxc6 39. Rxc6 Bb7 40. Rc7 Bxe4 41. Nc4 Bf8 42. Bxf4
d3 43. Nf1 Re6 44. Bd2 Kg8 45. Rb1 d5 46. Na5 d4 47. Nb7 Rb6
48. Na5 Rxa5 49. Re1 Re5 50. f3 Bxb4 51. fxe4 Bf8 52. Rd7 Rbe6
53. Rc1 Rxe4 54. Rc8 Re8 55. Rc6 R8e6 56. Rc8 Re8 57. Rc6 R8e6
58. Rc8 1/2-1/2

[Event "Chess Olympiad (Women)"]
[Site "Tromso NOR"]
[Date "2014.08.05"]
[EventDate "2014.08.02"]
[Round "4.12"]
[Result "1/2-1/2"]
[White "Anna Ushenina"]
[Black "Khayala Isgandarova"]
[WhiteElo "2487"]
[BlackElo "2190"]
[PlyCount "88"]

1. d4 Nf6 2. c4 g6 3. Nc3 Bg7 4. e4 d6 5. Nf3 O-O 6. h3 e5
7. d5 Nh5 8. g3 f5 9. exf5 gxf5 10. Nh4 Nf4 11. gxf4 Qxh4
12. Rg1 exf4 13. Qd4 Qe7+ 14. Be2 Kh8 15. Qxf4 Nd7 16. Qg3 Nc5
17. Bg5 Qf7 18. Be3 f4 19. Bxf4 Bf5 20. O-O-O Bg6 21. Bg5 Rae8
22. Rd2 Qxf2 23. Qxf2 Rxf2 24. Kd1 Bxc3 25. bxc3 Ne4 26. Be3
Rh2 27. Bd4+ Kg8 28. Rb2 Nf2+ 29. Bxf2 Rxf2 30. Rg3 Rh2
31. Ke1 Kh8 32. Kf1 Rf8+ 33. Ke1 Rff2 34. Re3 Kg7 35. Rxb7
Rfg2 36. Rxc7+ Kh6 37. Rxa7 Rh1+ 38. Kd2 Rb1 39. Re6 Rb2+
40. Ke1 Rb1+ 41. Kd2 Rb2+ 42. Ke1 Rb1+ 43. Kd2 Rb2+ 44. Ke1
Rb1+ 1/2-1/2

[Event "Chess Olympiad (Women)"]
[Site "Tromso NOR"]
[Date "2014.08.10"]
[EventDate "2014.08.02"]
[Round "8.5"]
[Result "1-0"]
[White "Anna Ushenina"]
[Black "Lela Javakhishvili"]
[WhiteElo "2487"]
[BlackElo "2478"]
[PlyCount "71"]

1. d4 Nf6 2. c4 e6 3. Nc3 Bb4 4. Qc2 O-O 5. Nf3 c5 6. dxc5 Na6
7. g3 Nxc5 8. Bg2 b6 9. O-O Bxc3 10. Qxc3 Bb7 11. Rd1 Qe7
12. Qa3 d5 13. cxd5 Nxd5 14. Ne5 Rfd8 15. Bd2 f6 16. Nc4 e5
17. Rac1 Rd7 18. Bh3 Rdd8 19. Na5 Rab8 20. Nxb7 Rxb7 21. Be1
a5 22. Bxa5 Ra8 23. Rxc5 bxc5 24. Rxd5 Rb5 25. b4 Rxb4
26. Bxb4 Rxa3 27. Bxc5 Qc7 28. Bxa3 h5 29. Bf5 e4 30. Bg6 h4
31. gxh4 e3 32. fxe3 Qc8 33. h3 Qb8 34. Kg2 Qa8 35. e4 f5
36. Be7 1-0

[Event "Chess Olympiad (Women)"]
[Site "Tromso NOR"]
[Date "2014.08.11"]
[EventDate "2014.08.02"]
[Round "9.4"]
[Result "1/2-1/2"]
[White "Eesha Karavade"]
[Black "Anna Ushenina"]
[WhiteElo "2392"]
[BlackElo "2487"]
[PlyCount "69"]

1. c4 c6 2. Nf3 d5 3. e3 Nf6 4. Nc3 e6 5. b3 Bd6 6. Bb2 O-O
7. Qc2 e5 8. cxd5 cxd5 9. Nb5 Nc6 10. Nxd6 Qxd6 11. Rc1 Bd7
12. Be2 Rac8 13. Qb1 d4 14. h3 Rfe8 15. O-O a6 16. Rfe1 h6
17. exd4 exd4 18. Qa1 Nd5 19. Bxd4 Nxd4 20. Nxd4 Rxc1 21. Rxc1
Nf4 22. Bf3 Bxh3 23. gxh3 Nxh3+ 24. Kg2 Nf4+ 25. Kh1 Qf6
26. Kg1 Qg6+ 27. Kf1 Qd3+ 28. Kg1 Qg6+ 29. Kh1 Qg5 30. Qc3
Qh4+ 31. Kg1 Nh3+ 32. Kg2 Nf4+ 33. Kg1 Nh3+ 34. Kg2 Nf4+
35. Kg1 1/2-1/2

[Event "Chess Olympiad (Women)"]
[Site "Tromso NOR"]
[Date "2014.08.14"]
[EventDate "2014.08.02"]
[Round "11.3"]
[Result "1/2-1/2"]
[White "Anna Ushenina"]
[Black "Zhao Xue"]
[WhiteElo "2487"]
[BlackElo "2508"]
[PlyCount "82"]

1. d4 Nf6 2. c4 e6 3. Nf3 b6 4. g3 Ba6 5. b3 b5 6. cxb5 Bxb5
7. Bg2 d5 8. O-O Nbd7 9. Bf4 c5 10. Nc3 Ba6 11. a3 Rc8 12. b4
cxd4 13. Qxd4 Nb6 14. Rfd1 Be7 15. Be5 O-O 16. Rac1 Nfd7
17. Bf4 Bf6 18. Qd2 Re8 19. Bf1 Nc4 20. Qa2 g5 21. Bd2 g4
22. Ne1 Nde5 23. Bh6 Nd6 24. Be3 Bc4 25. Qb1 Qd7 26. Ng2 Nf5
27. Ne4 Be7 28. Bc5 Qb7 29. Bxe7 Qxe7 30. Nc5 Ng6 31. e4 Nd6
32. exd5 Bxd5 33. Qb2 Nf5 34. Bd3 Rcd8 35. Ne4 e5 36. Ne3 Nxe3
37. fxe3 Ba8 38. Qf2 Kg7 39. Qf5 Qe6 40. Nc5 Qxf5 41. Bxf5 Bf3
1/2-1/2

[Event "FIDE Women's Grand Prix Sharjah"]
[Site "Sharjah UAE"]
[Date "2014.08.25"]
[EventDate "2014.08.25"]
[Round "1.2"]
[Result "1/2-1/2"]
[White "Ju Wenjun"]
[Black "Anna Ushenina"]
[WhiteElo "2559"]
[BlackElo "2487"]
[PlyCount "64"]

1. c4 e5 2. Nc3 Nf6 3. g3 d5 4. cxd5 Nxd5 5. Bg2 Nb6 6. e3 g6
7. Nf3 Bg7 8. d4 exd4 9. exd4 O-O 10. O-O Nc6 11. Bg5 f6
12. Be3 Be6 13. Re1 Bf7 14. Rc1 Nb4 15. a3 N4d5 16. Nd2 c6
17. Nde4 Re8 18. Qd3 Nxe3 19. fxe3 f5 20. Nc5 Re7 21. Kh1 Qe8
22. b3 Rd8 23. Re2 Nd5 24. Nxd5 Bxd5 25. Bxd5+ Rxd5 26. Rce1
Kh8 27. b4 Rd8 28. Qc2 Qf7 29. Qb3 Qe8 30. Qc2 Qf7 31. Qb3 Qe8
32. Qc2 Qf7 1/2-1/2

[Event "FIDE Women's Grand Prix Sharjah"]
[Site "Sharjah UAE"]
[Date "2014.08.26"]
[EventDate "2014.08.25"]
[Round "2.5"]
[Result "1-0"]
[White "Anna Ushenina"]
[Black "Elina Danielian"]
[WhiteElo "2487"]
[BlackElo "2490"]
[PlyCount "205"]

1. d4 Nf6 2. c4 e6 3. Nc3 Bb4 4. e3 O-O 5. Ne2 Re8 6. a3 Bf8
7. Ng3 d5 8. Be2 Nbd7 9. O-O dxc4 10. Bxc4 c5 11. dxc5 Nxc5
12. Qe2 a6 13. Rd1 Qc7 14. Ba2 Bd7 15. e4 Bc6 16. Bg5 Nfd7
17. Rac1 Qb8 18. Nh5 g6 19. Ng3 Bg7 20. Qc2 Nf6 21. f3 Ncd7
22. Kh1 h5 23. Nge2 Qa7 24. Qd2 Rac8 25. Nd4 Ne5 26. Be3 Qb8
27. Bf4 h4 28. Qe2 Nh5 29. Be3 h3 30. g3 Red8 31. f4 Nd7
32. Nxc6 Rxc6 33. e5 Nxe5 34. Rxd8+ Qxd8 35. fxe5 Bxe5 36. Rd1
Rd6 37. Kg1 Nf6 38. Rxd6 Qxd6 39. Bb1 Qc6 40. Bd3 Bxc3
41. bxc3 Qxc3 42. Qd2 Qxa3 43. Bf1 Ng4 44. Bd4 e5 45. Ba7 Qa1
46. Bc5 Kg7 47. Qe2 Nh6 48. Qd3 Nf5 49. Qd8 Qc1 50. Qf8+ Kf6
51. g4 b6 52. Bxb6 Nd4 53. Qd6+ Ne6 54. Bd8+ Kg7 55. Qxe5+ Kg8
56. Bf6 Qd1 57. Qb8+ Nf8 58. Qg3 Nh7 59. Bc3 a5 60. Qf4 a4
61. Qd4 Qxd4+ 62. Bxd4 Ng5 63. Bb2 Kh7 64. Bb5 f5 65. gxf5
gxf5 66. Bxa4 Nf3+ 67. Kh1 Kg6 68. Bc6 Ng5 69. Kg1 Kh5 70. Kf2
Kg4 71. Be5 Nf7 72. Bf3+ Kg5 73. Bc7 Kh4 74. Bd5 Ng5 75. Ke3
Kg4 76. Bd6 Nh7 77. Bf3+ Kg5 78. Be7+ Nf6 79. Kd4 Kg6 80. Ke5
Ng8 81. Bd8 Nh6 82. Kf4 Kg7 83. Kg3 Nf7 84. Be7 Ne5 85. Be2
Kf7 86. Bc5 Ke6 87. Kxh3 Kd5 88. Bb6 Ke4 89. Ba6 f4 90. Bb7+
Kf5 91. Kg2 Nc4 92. Bc7 Ne5 93. h3 Ng6 94. Kf2 Ne5 95. Ke2 Nf7
96. Kd3 Ne5+ 97. Kd4 Nf7 98. Bc8+ Kg5 99. Be6 Nh8 100. Bd8+
Kh6 101. Ke4 Ng6 102. Bf5 f3 103. Kxf3 1-0

[Event "FIDE Women's Grand Prix Sharjah"]
[Site "Sharjah UAE"]
[Date "2014.08.27"]
[EventDate "2014.08.25"]
[Round "3"]
[Result "1/2-1/2"]
[White "Tuvshintugs Batchimeg"]
[Black "Anna Ushenina"]
[WhiteElo "2346"]
[BlackElo "2487"]
[PlyCount "79"]

1. d4 d5 2. c4 e6 3. Nf3 Nf6 4. Nc3 c6 5. cxd5 exd5 6. Qc2 Be7
7. Bf4 g6 8. e3 Bf5 9. Bd3 Bxd3 10. Qxd3 Nbd7 11. O-O O-O
12. a3 a5 13. b3 Re8 14. h3 Bf8 15. Rfc1 Ne4 16. Qc2 Nxc3
17. Qxc3 Qb6 18. Ne5 Nxe5 19. Bxe5 Be7 20. Qd3 Qa6 21. Qd1 Qb5
22. Rcb1 f6 23. Bf4 Bf8 24. h4 Rad8 25. Qd2 Qb6 26. Qd3 Ra8
27. Bg3 Qa6 28. Qc2 Qb6 29. Qd3 Qa6 30. Qd1 Qb6 31. Qf3 Qd8
32. Bf4 Qe7 33. Qd1 Qd7 34. Qd2 Qe7 35. Qc3 Qd8 36. Qd3 Qb6
37. Bg3 Qa6 38. Qd1 Qb6 39. Qd3 Qa6 40. Qd1 1/2-1/2

[Event "FIDE Women's Grand Prix Sharjah"]
[Site "Sharjah UAE"]
[Date "2014.08.28"]
[EventDate "2014.08.25"]
[Round "4"]
[Result "1-0"]
[White "Anna Ushenina"]
[Black "Alina L'Ami"]
[WhiteElo "2487"]
[BlackElo "2446"]
[PlyCount "55"]

1. d4 Nf6 2. g3 g6 3. Bg2 Bg7 4. e4 d6 5. Ne2 O-O 6. Nbc3 c6
7. O-O e5 8. a4 Re8 9. h3 exd4 10. Nxd4 Nbd7 11. Nb3 Qc7
12. Re1 Ne5 13. Nd4 Be6 14. f4 Ned7 15. Be3 Bc4 16. b3 Ba6
17. Qd2 Rad8 18. Bf2 Qa5 19. Rad1 Nh5 20. Na2 Qxd2 21. Rxd2 c5
22. Nb5 Bxb5 23. axb5 Ndf6 24. Rd3 Re6 25. e5 Ne8 26. Bxb7 Nc7
27. Bc6 g5 28. Bf3 1-0